| 000 | 00529nam a2200169 a 4500 | ||
|---|---|---|---|
| 005 | 20140310183259.0 | ||
| 008 | 041126s19uu xx 00 eng d | ||
| 020 | _a0201854910 | ||
| 050 |
_aQA 76.76.D47 _b.B745 2001 |
||
| 245 |
_aBringing design to software / _cedited by Terry Winograd |
||
| 260 |
_aNew York, N.Y. : ACM Press ; Reading, Mass. : _bAddison- Wesley, _c2001. |
||
| 300 |
_axxv, 321 p. : _bill. ; _c24 cm. |
||
| 521 | _aIT | ||
| 650 |
_aComputer software _xDevelopment. |
||
| 942 |
_cBK _2lcc _kFOR |
||
| 999 |
_c20934 _d20934 |
||